Η γυφτοπούλα : μυθιστόρημα
Αποθηκεύτηκε σε:
| Κύριος συγγραφέας: | |
|---|---|
| Άλλοι συγγραφείς: | |
| Μορφή: | Βιβλίο |
| Γλώσσα: | Greek |
| Δημοσίευση: |
Αθήνα :
Εστία,
2000
|
| Σειρά: | Νεοελληνική λογοτεχνία (Εστία)
; 186 |
| Θέματα: | |
| Ετικέτες: |
Προσθήκη ετικέτας
Δεν υπάρχουν, Καταχωρήστε ετικέτα πρώτοι!
|
MARC
| LEADER | 00000cam a2200000 i 4500 | ||
|---|---|---|---|
| 001 | 1/5288 | ||
| 008 | 100305s2000 gre d | ||
| 020 | |a 960-05-0423-7 | ||
| 035 | |l 10107109 | ||
| 040 | |a GR-MY-UA |b gre |e aacr | ||
| 041 | 0 | |a gre | |
| 082 | 0 | |a 889.32 |2 (22) | |
| 100 | 1 | |a Παπαδιαμάντης, Αλέξανδρος, |d 1851-1911. | |
| 245 | 1 | 2 | |a Η γυφτοπούλα : |b μυθιστόρημα / |c Αλέξ. Παπαδιαμάντη ; επιμέλεια Σπύρου Κοκκίνη |
| 260 | |a Αθήνα : |b Εστία, |c 2000 | ||
| 300 | |a 421 σ.; |c 18 εκ. | ||
| 490 | 1 | |a Σειρά Νεοελληνικής Λογοτεχνίας |v ; 186 | |
| 650 | 0 | 0 | |a Greek fiction, Modern. |
| 650 | 0 | 0 | |a Greek literature, Modern. |
| 700 | 1 | |a Κοκκίνης, Σπύρος Α., |d 1928- |4 edt | |
| 830 | 0 | |a Νεοελληνική λογοτεχνία (Εστία) |v ; 186 | |
| 852 | |a INST |b LESVOS |e 20100305 |h 889.32 ΠΑΠ |p 005100046758 |q 005100046758 |t BK |y 0 | ||
| 901 | |a BIBL1-2010-1 | ||
| 909 | |a Λ |b 162919 | ||
| 970 | |a ΚΑΡΑ |b ΓΙΑΣΕΜΗ |z 2010/03/05 | ||